Indian architectural history : (Record no. 353067)

000 -LEADER
fixed length control field 00808 a2200217 4500
003 - CONTROL NUMBER IDENTIFIER
control field OSt
005 - DATE AND TIME OF LATEST TRANSACTION
control field 20180116192355.0
008 - FIXED-LENGTH DATA ELEMENTS--GENERAL INFORMATION
fixed length control field 120613t xxu||||| |||| 00| 0 eng d
020 ## - INTERNATIONAL STANDARD BOOK NUMBER
International Standard Book Number 1157036260 (paperback)
020 ## - INTERNATIONAL STANDARD BOOK NUMBER
International Standard Book Number 9781157036265 (paperback)
040 ## - CATALOGING SOURCE
Transcribing agency 0
082 ## - DEWEY DECIMAL CLASSIFICATION NUMBER
Classification number 720.954
245 00 - TITLE STATEMENT
Title Indian architectural history :
Remainder of title hoysala architecture, dravidian architecture, sikh architecture, indian rock-cut architecture, vastu shastra.
260 ## - PUBLICATION, DISTRIBUTION, ETC.
Place of publication, distribution, etc. Tennessee :
Name of publisher, distributor, etc. Books LLC,
Date of publication, distribution, etc. 2010
300 ## - PHYSICAL DESCRIPTION
Extent 99 p . :
Dimensions 23 cm.
650 10 - SUBJECT ADDED ENTRY--TOPICAL TERM
Topical term or geographic name entry element Architecture
Geographic subdivision India
9 (RLIN) 4500
650 10 - SUBJECT ADDED ENTRY--TOPICAL TERM
Topical term or geographic name entry element Hindu architecture
9 (RLIN) 4501
856 40 - ELECTRONIC LOCATION AND ACCESS
Materials specified Amazon.com
Uniform Resource Identifier <a href="http://www.amazon.com/exec/obidos/ASIN/1157036260/chopaconline-20">http://www.amazon.com/exec/obidos/ASIN/1157036260/chopaconline-20</a>
942 ## - ADDED ENTRY ELEMENTS (KOHA)
Institution code [OBSOLETE] SADA
Koha item type Book
Call number prefix 720.954 IND 2010
Source of classification or shelving scheme
Holdings
Withdrawn status Lost status Source of classification or shelving scheme Damaged status Not for loan Permanent Location Current Location Date acquired Total Checkouts Full call number Barcode Date last seen Cost, replacement price Price effective from Koha item type
          School of Art Design and Architecture (SADA) School of Art Design and Architecture (SADA) 06/16/2011   720.954 IND 2010 SADA0001301 08/05/2011 1293.00 08/05/2011 Book
© 2023 Central Library, National University of Sciences and Technology. All Rights Reserved.